| 000 | 01065nam a2200229 i 4500 | ||
|---|---|---|---|
| 001 | 167057 | ||
| 003 | ES-MaACL | ||
| 005 | 20230906213442.0 | ||
| 008 | 050926s1860 fr a |||| | fre d | ||
| 040 |
_aCAM _bspa _cCAM |
||
| 100 | 1 |
_aVecellio, Cesare. _9133580 |
|
| 245 | 1 | 0 |
_aCostumes anciens et modernes _b= Habiti antichi et moderni di tutto il mondo / _cdi Cesare Vecellio ; précédés d'un essai sur la gravure sur bois M. Amb. Firmin Didot. |
| 260 |
_aParis : _b[s.n.], _c1860 ( _fTyp. de Firmin Didot Frères fils & Cie.) |
||
| 300 |
_a2 v. (9 p., 234 h., 18 p.; [2] p., h. 235-513, 19 p.) : _bil. ; _c22 cm. |
||
| 530 | _aDisponible en formato digital. | ||
| 597 | _aLas h. tienen texto en el recto e il. en el verso. | ||
| 650 | 4 |
_aTraje- _xHistoria. _9136943 |
|
| 700 | 1 |
_aFirmin-Didot, Ambroise. _950957 |
|
| 852 |
_aES-MaACL _jD-1118-19 _z- Enc. hol |
||
| 856 |
_uhttps://archive.org/stream/bub_gb_VEDkI2dZ4xAC#page/n3/mode/2up _zInternet Archive _z(v. 1) |
||
| 856 |
_uhttps://archive.org/details/bub_gb_YOLyWtYUbV4C _zInternet Archive _z(v. 2) |
||
| 999 |
_c167057 _d167057 |
||